1501 1694 1459 1243 1599 1336 1318 1288 1342 1148 1723 1254 1047 1993 1995 1659 1927 1379 1257 1409 1899 1231 1182 1498 1941 1099 1021 1112 1542 1343 1399 1031 1355 1711 1032 1469 1865 1148 1221 1572 1293 1825 1026 1384 1041 1104 1730 1767 1546 1699 1598 1510 1870 1510 1304 1252 1753 1912 1012 1347 1024 1495 1586 1840 1740 1711 1707 1800 1879 1668 1391 1780 1997 1924 1989 1063 1721 1767 1822 1440 1145 1900 1372 1430 1009 1434 1017 1545 1906 1022 1739 1906 1645 1766 1279 1028 1356 1277 1628 BCNSPRNW ULIB Ver.6.0+V

เปลี่ยนเป็นภาษาไทย

Change to English
 แสดงรายละเอียดบรรณานุกรม
  กลับหน้าหลัก

Brief Record : Get Marc (ISO 2709) : E-mail record : QR code < ปิดหน้าต่าง
LEADER : 00000nam 2200000uu 4500
001    13399111169
003     ULIB
008    110619s2548||||th 000 0 tha d
060  0 WY18.2^bว587ด 2548
110 1  วิทยาลัยเครือข่ายภาคกลาง^bโครงการพัฒนาทักษะวิชาชีพ
245 00 สาระทบทวน วิชา การพยาบาลเด็ก/^cหัวหน้าโครงการ ละเอียด แจ่มจันทร์
250    พิมพ์ครั้งที่ 1
260    กรุงเทพฯ:^bวิทยาลัยเครือข่ายภาคกลาง,^c2548
300    119 หน้า
650  7 การพยาบาลเด็ก^xคำถามและคำตอบ
945    ^p0^l0^i13712
945    ^p0^l0^i13713
995     เกษร
999    ^aใช้งานได้ทุกระบบ
รายการนี้ยังไม่มีแท็ก
คุณยังไม่ได้ล็อกอิน คุณสามารถมีกิจกรรมร่วมกับเว็บไซต์ได้ แต่ต้องล็อกอินก่อน ::
  ล็อกอิน

รายการสื่อสารสนเทศ

ลำดับที่ ประเภท เลขเรียก/บาร์โค้ด สถานที่ สถานะ
- ไม่พบข้อมูล -

BibComment


ยังไม่เคยถูกคอมเมนท์

คอมเมนท์ทรัพยากรรายการนี้
  คอมเมนท์: สาระทบทวน วิชา กา..


 Copyright 2026. Bcnsprnw @Library